| 000 | 00480ntaaa2200193 4500 | ||
|---|---|---|---|
| 003 | 01 | ||
| 005 | 20251027202719.0 | ||
| 008 | 0714s1973 ag 01 | ||
| 040 |
_aAR-BaBN _bspa _cAR-BaBN _eaacr _dRIC |
||
| 082 | _a610.1000 M45q | ||
| 100 |
_aMazzei, Egidio S _926874 |
||
| 245 | _aQué es la medicina | ||
| 250 | _a1 ed. | ||
| 260 |
_aBuenos Aires : _bColumba, _c1968 |
||
| 300 |
_a107 p ; _c20 cm |
||
| 500 | _aContiene bibliografĂa | ||
| 650 |
_amedicina _92219 |
||
| 942 | _cBK | ||
| 999 |
_c22320 _d22320 |
||